Statistics for Countries that hate each other

Click here to take the quiz!

General Stats

  • This quiz has been taken 1,393 times
    (687 since last reset)
  • The average score is 16 of 20

Answer Stats

Country AExplanationCountry B% Correct
United StatesWas the chief cold war rival of..Russia
98%
PakistanUnderwent a chaotic separation from..India
97%
South KoreaIs in a constant stalemated state of war with..North Korea
97%
IrelandSpent centuries under the rule of..United Kingdom
97%
ChinaWas brutally invaded during WWII by..Japan
94%
Saudi ArabiaIs in a battle for geopolitical control of the mid-east with..Iran
87%
BosniaSuffered genocide and occupation by..Serbia
85%
SudanUnderwent a shaky, damaging split with..South Sudan
84%
ChinaClaims ownership over the exiled government in..Taiwan
83%
ArmeniaMillions of inhabitants were massacred by..Turkey
82%
IranIs funding militants, like Hezbollah, fighting against...Israel
80%
TurkeyIs being flooded with countless refugees from..Syria
79%
United StatesIs undergoing a massive geopolitical rivalry with...China
78%
AzerbaijanIs in a permanent stalemate of a war withArmenia
77%
Dominican RepOccupied and committed numerous crimes in..Haiti
76%
BoliviaHad it's Pacific coast annexed by..Chile
75%
AlgeriaIs accused of funding insurgents in territory occupied by...Morocco
73%
United StatesAlmost went to war with the USSR over..Cuba
61%
BelgiumConquered, colonized and brutally opressed..(DR) Congo
59%
EgyptClaims its water is being stolen by...Ethiopia
52%

Score Distribution

Percentile by Number Answered

Percent of People with Each Score

Your Score History

You have not taken this quiz since the last reset